Plus grandes villes de Belgique sur une carte - Statistiques

Statistiques générales
  • Ce quiz a été pris 11 627 fois
  • Le résultat moyen est 8 sur 15
Réponses sur la Carte
Les réponses sont colorées sur une échelle allant du rouge au vert en fonction du pourcentage des utilisateurs qui les ont devinées à leur premier essai. Vous pouvez retrouver ces pourcentages ci-dessous.
 
Statistiques - réponses
Population Ville % Correct
2 055 698 Bruxelles
99%
672 421 Liège
88%
1 035 740 Anvers
82%
169 516 Bruges
77%
411 494 Charleroi
68%
162 685 Namur
61%
460 473 Gand
58%
240 824 Mons
47%
98 970 Ostende
42%
172 769 Louvain
39%
92 050 Genk
30%
149 783 Courtrai
27%
138 505 Hasselt
27%
145 776 Malines
22%
96 204 Saint-Nicolas
11%
Aucun quiz correspondant
Distribution des résultats
% des personnes avec chaque résultat
Percentile par nombre de réponses
Votre historique - résultats
Vous n’avez pas pris ce quiz